000 01027 a2200241 4500
005 20260305172323.0
008 260112b |||||||| |||| 00| 0 eng d
020 _a9788126318513
037 _cTB
040 _aCRL
_cCRL
041 _2hin
_ahin
084 _aV2:51.N5 152R0
_qCRL
100 _aप्रियंवद
_9859332
245 _aभारत का विभाजन अंतःकथा
250 _aसंस्करण 5
260 _aनई दिल्ली, भारत:
_bभारतीय ज्ञानपीठ,
_c2020.
300 _a590पृ.
365 _b700.00
_cINR
650 _aइतिहास
_9863868
650 _aभारत इतिहास
_9863869
942 _cTB
_2CC
_n0
_eसंस्करण 5
_hV2:51.N5 152R0
999 _c1466516
_d1466516